000 00655nam a2200205 i 4500
001 141707
003 ES-MaACL
005 20250804052222.0
007 t|
008 070927s1948 fr ||||1| fre d
100 1 _aVuillemin, Jules.
_9115774
245 1 0 _aEssai sur la signification de la mort /
_cpar Jules Vuillemin.
260 _aParis :
_bPresses Universitaires de France,
_c1948.
300 _a318 p. ;
_c23 cm.
490 1 _aBibliothèque de philosophie contemporaine
650 7 _aMuerte
_2embne
_915241
830 0 _aBibliothèque de philosophie contemporaine
_9181027
852 _aES-MaACL
_jC-15348
_bR.43231
999 _c141707
_d141707